Digitálny marketing ako súčasť marketingovej stratégie podniku diplomová práca

Gespeichert in:
Bibliographische Detailangaben
1. Verfasser: Novosad, Marek
Körperschaft: Obchodná fakulta EU. Katedra marketingu
Weitere Verfasser: Jankovič, Michal, 1993-
Format: Buch
Sprache:Slowakisch
Veröffentlicht: Bratislava 2024
Tags: Tag hinzufügen
Keine Tags, Fügen Sie das erste Tag hinzu!

MARC

LEADER 00000nbm a2200000 4500
001 0302117
005 20241206152414.1
041 0 |a slo 
044 |a SK 
245 1 0 |a Digitálny marketing ako súčasť marketingovej stratégie podniku  |b diplomová práca  |c Marek Novosad ; školiteľ: Michal Jankovič 
264 1 |a Bratislava  |c 2024 
300 |a 68 s. 
100 1 |a Novosad, Marek 
700 1 |a Jankovič, Michal, 1993- 
710 2 |a Obchodná fakulta EU. Katedra marketingu